000 00638nam a2200241Ia 4500
003 OSt
005 20220926012654.0
006 a|||||r|||| 00| 0
007 ta
008 220923b |||||||| |||| 00| 0 eng d
020 _a0029211204
037 _cGeneral Book
040 _aRTL
_cRTL
_beng
041 _2eng
_aeng
082 _aY, L6
100 _aMerton Robert K
_956972
245 0 _aSociological ambivalence and other essays
260 _aNew York
_bFree Press
_c1976
300 _axii, 287p
_ccm.
650 _aEssays Sociology
942 _hY, L6
_cGB
_2CC
999 _c623958
_d623958